01730nam a2200265uu 4500001000800000005001700008008004100025020001800066035001200084040001300096041000800109082000800117100005100125245008000176250001100256260007400267300001800341490003200359520089600391650003201287650003901319650002901358650004701387700003001434131896220260508075451.0130308s2012 spa  a9789588366579 a1318962 ccomduadb aspa 4a65810aBustamante García, Hernán Carlos4comecom10aResponsabilidad social empresaria : miradas plurales, un interés singular a1. ed. aMedellín :bUniversidad Autónoma Latinoamericana (Unaula),c2012. a257 páginas0 aPensamiento Latinoamericano3 aLa Responsabilidad Social Empresarial llegó para quedarse. Y se instaló, definitivamente, en el centro de la escena. Atraviesa las organizaciones, alcanza a ciudadanos, profesionales, trabajadores, consumidores, académicos y líderes, de cualquier área e injerencia. Líderes comunitarios, de la cultura, el espectáculo o las artes. La educación y la ciencia. De los medios y la tecnología. Y también, a aquellos que trabajan en silencio, cada día, como eslabón de una cadena que se moviliza para salvaguardar el mundo. Un libro básico en medio de la emergencia de la agenda internacional. RSE: Miradas plurales, un interés singular logra, de manera inédita, reflexionar acerca del tema en el marco iberoamericano. Incluye autores de distintos países y variadas formaciones, en una mirada transversal de la responsabilidad social empresarial en el mundo de hoy. aParticipación empresarial 7aResponsabilidad empresarial2embne 7aResponsabilidad social2 7aResponsabilidad social empresarial2armarc10aLattuada, Paola4edteedt